000 00608nam a2200241Ia 4500
001 24745
005 20240114000818.0
007 ta
008 060417s1960 g b000 u 465 u
040 _aCotton College,Assam
041 _a465
082 _a823
_bN 112 L
100 _aNabokov, Vladimir .
245 0 _aLolita /
_cVladimir Nabokov.
_hTextual Documents
250 _a1st ed. /
260 _aLondon :
_bWeidenfeld & Nicolson ,
_c1960.
300 _a319p. ;
_c21cm.
653 _aEnglish Novel
653 _aG-English
942 _2ddc
_cBK
999 _c24727
_d24727